[Event "Copenhagen Ch"]
[Site "Copenhagen"]
[Date "2004.10.09"]
[Round "1"]
[White "Christensen, Esben"]
[Black "Thestrup, Sixten"]
[Result "1-0"]
[WhiteElo "2108"]
[BlackElo "1906"]
[PlyCount "49"]
[EventDate "2004.??.??"]
[EventType "swiss"]
[EventRounds "9"]
[EventCountry "DEN"]

1. e4 d6 2. Nf3 Nf6 3. Nc3 g6 4. d4 Bg7 5. h3 O-O 6. Be3 c6 7. a4 Qa5 8. Qd2 b5
9. Bd3 b4 10. Ne2 c5 11. c3 Ba6 12. O-O Qc7 13. cxb4 cxb4 14. Rfc1 Qb7 15. d5
Bxd3 16. Qxd3 Nbd7 17. Rc6 Nb8 18. Rc4 Na6 19. Rac1 Nd7 20. Bd4 Ndc5 21. Qe3
Bxd4 22. Nexd4 Nxa4 23. Qh6 e5 24. Ng5 f6 25. Rc7 1-0

[Event "Copenhagen Ch"]
[Site "Copenhagen"]
[Date "2004.10.10"]
[Round "2"]
[White "Hansen, Alexei"]
[Black "Paaske, Asger"]
[Result "0-1"]
[WhiteElo "2047"]
[BlackElo "2132"]
[PlyCount "132"]
[EventDate "2004.??.??"]
[EventType "swiss"]
[EventRounds "9"]
[EventCountry "DEN"]

1. e4 c5 2. Nc3 Nc6 3. Nge2 e6 4. g3 d6 5. Bg2 a6 6. d4 cxd4 7. Nxd4 Bd7 8. Be3
Nf6 9. O-O Ne5 10. b3 Rc8 11. Qe1 Neg4 12. Bc1 Qb6 13. Qd2 e5 14. Nde2 Nxf2 15.
Rxf2 Ng4 16. Qe1 d5 17. Nxd5 Qa7 18. h3 Qxf2+ 19. Qxf2 Nxf2 20. Kxf2 Rxc2 21.
Ne3 Bc5 22. Kf3 Bxe3 23. Kxe3 Bb5 24. Bf1 O-O 25. Ba3 Rd8 26. Bb4 Rd3+ 27. Kf2
Rd4 28. a3 Rxe4 29. Re1 Rb2 30. Bd6 Rxb3 31. Bg2 Rxe2+ 32. Rxe2 Bxe2 33. Kxe2
Rb2+ 34. Kf1 f6 35. Bd5+ Kh8 36. Bb4 g6 37. Bf8 b6 38. g4 Rd2 39. Be6 e4 40. h4
Rh2 41. g5 Rxh4 42. Be7 Rf4+ 43. Ke2 fxg5 44. Bxg5 Rf3 45. Be3 h5 46. Bd5 Kh7
47. Bxe4 Rf6 48. Bg5 Re6 49. Kf3 Re5 50. Be3 Rb5 51. Bd3 Rb3 52. Bxa6 Rxa3 53.
Bc4 Rc3 54. Bf1 Rb3 55. Ke4 b5 56. Bg5 Rg3 57. Bf4 Rg4 58. Be2 Rh4 59. Ke3 b4
60. Bg3 Rh1 61. Bc4 g5 62. Ke2 Kh6 63. Be1 Rh2+ 64. Kd1 h4 65. Bxb4 h3 66. Be2
Rxe2 0-1

[Event "Copenhagen Ch"]
[Site "Copenhagen"]
[Date "2004.10.16"]
[Round "8"]
[White "Hansen, Alexei"]
[Black "Christensen, Esben"]
[Result "0-1"]
[WhiteElo "2047"]
[BlackElo "2108"]
[PlyCount "67"]
[EventDate "2004.??.??"]
[EventType "swiss"]
[EventRounds "9"]
[EventCountry "DEN"]

1. e4 c5 2. Nc3 e6 3. Nge2 d6 4. d4 cxd4 5. Nxd4 Nf6 6. Bg5 Be7 7. Qd2 a6 8.
O-O-O Qc7 9. Kb1 Nbd7 10. g3 h6 11. Bxf6 Nxf6 12. Bg2 O-O 13. f4 Bd7 14. g4
Rfe8 15. Bf3 Rac8 16. h4 Kh8 17. g5 Ng8 18. Qg2 Bf8 19. Rhg1 b5 20. Rd2 b4 21.
Nce2 a5 22. Ng3 a4 23. Rd3 Ne7 24. Bh5 g6 25. Bd1 e5 26. Nde2 Bb5 27. Rd2 exf4
28. Nxf4 a3 29. Qf2 axb2 30. gxh6 Bxh6 31. Nfh5 Ng8 32. Qd4+ Re5 33. Rdg2 Qc3
34. Qa7 {Tid} 0-1

[Event "Copenhagen Ch"]
[Site "Copenhagen"]
[Date "2004.10.12"]
[Round "4"]
[White "Hansen, Alexei"]
[Black "Schmidt, Horst Hubert"]
[Result "1-0"]
[WhiteElo "2047"]
[BlackElo "1910"]
[PlyCount "107"]
[EventDate "2004.??.??"]
[EventType "swiss"]
[EventRounds "9"]
[EventCountry "DEN"]

1. e4 e5 2. Nf3 Nc6 3. Bb5 Nd4 4. Bc4 Nxf3+ 5. Qxf3 Qf6 6. Qe2 Qg6 7. O-O d6 8.
c3 Be6 9. Bxe6 fxe6 10. Qb5+ Kd8 11. Qxb7 Rc8 12. f3 h5 13. Qxa7 h4 14. Qf2 Be7
15. d3 Nf6 16. Na3 Nh5 17. Nc4 h3 18. g4 Kd7 19. Kh1 Nf6 20. Qe2 Rcf8 21. Bd2
Rf7 22. a4 Rhf8 23. Ne3 Nh7 24. a5 Ng5 25. a6 Nxf3 26. Rxf3 Rxf3 27. a7 Rf2 28.
Qxf2 Rxf2 29. a8=Q Bg5 30. Qa4+ Ke7 31. Qd1 Bf4 32. Nf1 Qg5 33. Bxf4 Qxf4 34.
Ng3 Rxb2 35. Qf1 Qd2 36. Qxh3 Qxc3 37. Rf1 Qd2 38. Nh5 Qg5 39. Qf3 Kd7 40. Qg3
Rc2 41. h4 Qg6 42. Qf3 Kc6 43. Qd1 Ra2 44. Qb3 Ra8 45. Qc4+ Kd7 46. Qb5+ Ke7
47. Qb7 Rd8 48. Qxc7+ Rd7 49. Qb8 Rd8 50. Qa7+ Rd7 51. Qf2 Rd8 52. Ng3 Re8 53.
Qa7+ Kd8 54. Rb1 1-0

[Event "Copenhagen Ch"]
[Site "Copenhagen"]
[Date "2004.10.10"]
[Round "2"]
[White "Jensen, Soren"]
[Black "Schmidt, Horst Hubert"]
[Result "1-0"]
[WhiteElo "2047"]
[BlackElo "1910"]
[PlyCount "83"]
[EventDate "2004.??.??"]
[EventType "swiss"]
[EventRounds "9"]
[EventCountry "DEN"]

1. d4 d5 2. c4 e6 3. Nc3 Nf6 4. cxd5 exd5 5. Bg5 Be7 6. Qc2 c6 7. e3 Nbd7 8.
Bd3 h6 9. Bf4 O-O 10. h3 a6 11. Nf3 c5 12. dxc5 Nxc5 13. O-O Be6 14. Rfd1 Rc8
15. Qe2 Qa5 16. Nd4 Nce4 17. Bxe4 dxe4 18. Nxe6 fxe6 19. Bd6 Bxd6 20. Rxd6 Qf5
21. Qd2 Rc7 22. Ne2 e5 23. Ng3 Qc8 24. Nxe4 Nxe4 25. Qd5+ Rcf7 26. Qxe4 Rxf2
27. Rad1 Rxb2 28. Rd7 Qc6 29. Qg4 Qf6 30. Rc7 Kh8 31. Rdd7 Rg8 32. Rf7 Qb6 33.
Rxg7 Qxe3+ 34. Kh2 Rxg2+ 35. Qxg2 Qf4+ 36. Rg3 Rd8 37. Rc2 h5 38. Rf2 Qh6 39.
Rg6 Qh7 40. Rff6 Rg8 41. Rh6 Rxg2+ 42. Kxg2 1-0

[Event "Copenhagen Ch"]
[Site "Copenhagen"]
[Date "2004.10.12"]
[Round "4"]
[White "Jensen, Soren"]
[Black "Haagen Larsen, Hans"]
[Result "1-0"]
[WhiteElo "2047"]
[BlackElo "1885"]
[PlyCount "95"]
[EventDate "2004.??.??"]
[EventType "swiss"]
[EventRounds "9"]
[EventCountry "DEN"]

1. d4 d6 2. c4 g6 3. Nc3 Bg7 4. e4 Nc6 5. Be3 e5 6. d5 Nce7 7. Bd3 f5 8. f3 Nf6
9. Nge2 a6 10. Qd2 O-O 11. O-O-O f4 12. Bf2 g5 13. g3 Ng6 14. gxf4 gxf4 15. Kb1
Bh3 16. Rhg1 Nh5 17. Nc1 Kh8 18. Bf1 Qd7 19. Nd3 Rg8 20. Rg5 Nf6 21. c5 Bh6 22.
Rg1 Bxf1 23. Rdxf1 Qh3 24. Be1 Nh4 25. Bxh4 Qxh4 26. cxd6 cxd6 27. Qf2 Qxf2 28.
Nxf2 Rxg1 29. Rxg1 Rg8 30. Rxg8+ Kxg8 31. Kc2 Bf8 32. Kd3 Be7 33. b4 b5 34. a4
bxa4 35. Nxa4 Bd8 36. Kc4 Kf7 37. b5 axb5+ 38. Kxb5 Nd7 39. Ng4 Bg5 40. Nb6 h5
41. Nh6+ Bxh6 42. Nxd7 Ke7 43. Kc6 Bg5 44. Nb6 Bh4 45. Nc8+ Kd8 46. Nxd6 Bf6
47. Nf5 h4 48. h3 1-0

[Event "Copenhagen Ch"]
[Site "Copenhagen"]
[Date "2004.10.14"]
[Round "6"]
[White "Jensen, Soren"]
[Black "Joensen, Hjalmar"]
[Result "1-0"]
[WhiteElo "2047"]
[BlackElo "1388"]
[PlyCount "77"]
[EventDate "2004.??.??"]
[EventType "swiss"]
[EventRounds "9"]
[EventCountry "DEN"]

1. d4 Nf6 2. c4 g6 3. Nc3 Bg7 4. e4 d6 5. Nf3 O-O 6. Be2 e5 7. O-O Nc6 8. d5
Ne7 9. b4 Nd7 10. Nd2 f5 11. Bf3 Nf6 12. Ba3 f4 13. c5 g5 14. h3 Ng6 15. Rc1
Nh4 16. Be2 Rf7 17. Nf3 h6 18. Kh2 Bf8 19. g4 Rg7 20. Nxh4 gxh4 21. f3 Nh5 22.
Rf2 Ng3 23. Bf1 Bd7 24. Rfc2 Qg5 25. Nb5 Rc8 26. cxd6 h5 27. Nxc7 hxg4 28. Ne6
Rxc2+ 29. Rxc2 Bxe6 30. dxe6 gxh3 31. Bxh3 Ne2 32. Bg4 Nd4 33. Rc8 Nxe6 34.
Bxe6+ Kh7 35. Bg4 h3 36. Rxf8 Qh4 37. Qg1 Rxg4 38. Qxg4 Qf2+ 39. Kxh3 1-0

[Event "Copenhagen Ch"]
[Site "Copenhagen"]
[Date "2004.10.16"]
[Round "8"]
[White "Jensen, Soren"]
[Black "Nilsson, Nils Specht"]
[Result "0-1"]
[WhiteElo "2047"]
[BlackElo "2115"]
[PlyCount "80"]
[EventDate "2004.??.??"]
[EventType "swiss"]
[EventRounds "9"]
[EventCountry "DEN"]

1. d4 Nf6 2. c4 e6 3. Nc3 Bb4 4. Qc2 c5 5. dxc5 Na6 6. a3 Bxc3+ 7. Qxc3 Nxc5 8.
b4 Na4 9. Qc2 b5 10. cxb5 Nb6 11. Nf3 Bb7 12. e3 Rc8 13. Qd1 Qc7 14. Bb2 Qc2
15. Bxf6 gxf6 16. Qxc2 Rxc2 17. Bd3 Rb2 18. O-O Rg8 19. Nh4 Bd5 20. Rfb1 Rxb1+
21. Rxb1 Rg4 22. g3 Be4 23. Bxe4 Rxe4 24. Rc1 Rc4 25. Rxc4 Nxc4 26. a4 Kd8 27.
Kg2 Kc7 28. Kh3 Nb2 29. a5 Nd3 30. Kg4 Nxf2+ 31. Kh5 f5 32. Nf3 Ng4 33. h3 Nxe3
34. Ng5 d5 35. Nxh7 d4 36. Ng5 d3 37. Nf3 Nf1 38. g4 e5 39. Kg5 e4 40. Kf4 e3
0-1

[Event "Copenhagen Ch"]
[Site "Copenhagen"]
[Date "2004.10.17"]
[Round "9"]
[White "Joensen, Hjalmar"]
[Black "Sandbech, Ted"]
[Result "1/2-1/2"]
[WhiteElo "1388"]
[BlackElo "1815"]
[PlyCount "96"]
[EventDate "2004.??.??"]
[EventType "swiss"]
[EventRounds "9"]
[EventCountry "DEN"]

1. d4 d5 2. Nf3 Nf6 3. Bf4 c5 4. c3 cxd4 5. Nxd4 e6 6. e3 a6 7. Qa4+ Nbd7 8. b4
Be7 9. h3 O-O 10. Bh2 b5 11. Bxb5 Nb6 12. Qb3 axb5 13. Nxb5 Ne8 14. Nd2 Ba6 15.
Nd4 Bd6 16. Bxd6 Qxd6 17. a4 Bc4 18. Nxc4 dxc4 19. Qc2 Nc7 20. O-O g6 21. Rfb1
e5 22. Nf3 Rfe8 23. Rd1 Qe7 24. Qe4 f5 25. Qc6 Rab8 26. a5 Nba8 27. Rd7 Qe6 28.
Rxc7 Nxc7 29. Qxc7 Rbc8 30. Qb7 Rb8 31. Qc7 Rbc8 32. Qb7 Re7 33. Qb5 Qd6 34. a6
e4 35. a7 Ra8 36. Qxc4+ Kf8 37. Nd4 Rexa7 38. Rxa7 Rxa7 39. g3 Kg7 40. b5 Qa3
41. Qc6 Qc1+ 42. Kg2 Ra1 43. Qc7+ Kh6 44. Qf4+ Kg7 45. Qe5+ Kh6 46. Qf4+ Kg7
47. Qe5+ Kh6 48. Qf4+ Kg7 1/2-1/2

[Event "Copenhagen Ch"]
[Site "Copenhagen"]
[Date "2004.10.09"]
[Round "1"]
[White "Joensen, Hjalmar"]
[Black "Hansen, Alexei"]
[Result "0-1"]
[WhiteElo "1388"]
[BlackElo "2047"]
[PlyCount "110"]
[EventDate "2004.??.??"]
[EventType "swiss"]
[EventRounds "9"]
[EventCountry "DEN"]

1. d4 Nf6 2. c4 g6 3. Nf3 Bg7 4. Nc3 O-O 5. Bf4 d6 6. e3 Nbd7 7. Be2 Re8 8. Bg3
c6 9. Rc1 Qc7 10. h3 Qa5 11. Qc2 a6 12. a4 d5 13. O-O dxc4 14. Bxc4 b5 15. axb5
axb5 16. Be2 Bb7 17. Qb3 b4 18. Ra1 Qxa1 19. Rxa1 Rxa1+ 20. Nd1 Nd5 21. e4 N5f6
22. Ng5 e6 23. Kh2 h6 24. Qxb4 Ba6 25. Bxa6 Rxa6 26. e5 Rb6 27. Qd6 hxg5 28.
exf6 Nxf6 29. Be5 Nd5 30. Qd7 Ra8 31. Qd6 Bf8 32. Qd7 Bg7 33. Qd6 Bxe5+ 34.
Qxe5 Ra1 35. Nc3 Nxc3 36. bxc3 Rb3 37. c4 Ra4 38. Qc5 Rbb4 39. Qxc6 Rxc4 40.
Qb5 Rxd4 41. Qxg5 Ra2 42. Qf6 Rdd2 43. Kg3 Rxf2 44. Qxf2 Rxf2 45. Kxf2 f5 46.
g3 g5 47. Ke3 Kg7 48. Kd4 Kf6 49. Ke3 e5 50. Kf3 e4+ 51. Ke3 Ke5 52. h4 gxh4
53. gxh4 Kf6 54. Kf4 Kg6 55. Kg3 Kh5 {Tid.} 0-1

[Event "Copenhagen Ch"]
[Site "Copenhagen"]
[Date "2004.10.12"]
[Round "4"]
[White "Joensen, Hjalmar"]
[Black "Nielsen, Thomas"]
[Result "0-1"]
[WhiteElo "1388"]
[BlackElo "1994"]
[PlyCount "65"]
[EventDate "2004.??.??"]
[EventType "swiss"]
[EventRounds "9"]
[EventCountry "DEN"]

1. d4 Nf6 2. Nf3 e6 3. Bf4 c5 4. e3 Qb6 5. b3 Nc6 6. dxc5 Qxc5 7. c4 Qa5+ 8.
Nbd2 d5 9. Be2 dxc4 10. Bxc4 Bb4 11. O-O e5 12. a3 Bxd2 13. Nxe5 Nxe5 14. Bxe5
Qxe5 15. Qxd2 O-O 16. h3 b5 17. Be2 Bb7 18. Qb4 a6 19. a4 Qg5 20. g4 Qd5 21. f3
Qe5 22. Qf4 Qxf4 23. exf4 Rfe8 24. Rf2 b4 25. Bc4 Rad8 26. Rc1 Nd5 27. f5 Nc3
28. Kg2 Kf8 29. Kg3 Rd6 30. h4 Bd5 31. Rd2 Red8 32. Rcc2 Bxc4 33. bxc4 0-1

[Event "Copenhagen Ch"]
[Site "Copenhagen"]
[Date "2004.10.13"]
[Round "5"]
[White "Joensen, Hjalmar"]
[Black "Al Saad, Mofid"]
[Result "1-0"]
[WhiteElo "1388"]
[BlackElo "1507"]
[PlyCount "129"]
[EventDate "2004.??.??"]
[EventType "swiss"]
[EventRounds "9"]
[EventCountry "DEN"]

1. d4 d5 2. Nf3 Nf6 3. Bf4 g6 4. e3 Bg7 5. h3 O-O 6. c4 c6 7. Nc3 Nbd7 8. Bd3
Qa5 9. Qc2 dxc4 10. Bxc4 b5 11. Bb3 Bb7 12. O-O Rac8 13. Ne4 c5 14. Qd2 b4 15.
Nxf6+ Nxf6 16. a3 Ne4 17. Qd3 Qb6 18. Ne5 Bxe5 19. Bxe5 a5 20. axb4 cxb4 21.
Rfc1 Nd6 22. Qe2 Rxc1+ 23. Rxc1 Rc8 24. Rxc8+ Bxc8 25. Qc2 Qd8 26. Qc5 Ne4 27.
Qc7 Qxc7 28. Bxc7 Nd2 29. Ba4 Nc4 30. b3 Nb2 31. Bc6 Ba6 32. Bxa5 Nd3 33. Be4
Nc1 34. Bxb4 Kf8 35. Bd5 Bd3 36. Ba5 e6 37. Bc4 Bc2 38. b4 Nb3 39. Bxb3 Bxb3
40. b5 Ke8 41. b6 Bd5 42. Bb4 Kd7 43. Bc5 Kc6 44. f3 Kb5 45. Kf2 f5 46. Kg3 Kc6
47. Kf4 Kd7 48. Kg5 Ke8 49. Kf6 Kd7 50. Kg7 Ke8 51. Kxh7 Kf7 52. Kh6 Kf6 53. h4
Kf7 54. Kg5 Kg7 55. Bd6 Kf7 56. Kf4 Kf6 57. Be5+ Kf7 58. g4 Bc6 59. gxf5 gxf5
60. h5 Bb7 61. Kg3 Kg8 62. f4 Kf7 63. Kh4 Bf3 64. Kg5 Be4 65. h6 1-0

[Event "Copenhagen Ch"]
[Site "Copenhagen"]
[Date "2004.10.16"]
[Round "8"]
[White "Joensen, Hjalmar"]
[Black "Haagen Larsen, Hans"]
[Result "0-1"]
[WhiteElo "1388"]
[BlackElo "1885"]
[PlyCount "58"]
[EventDate "2004.??.??"]
[EventType "swiss"]
[EventRounds "9"]
[EventCountry "DEN"]

1. d4 g6 2. c4 Bg7 3. Nc3 d6 4. e4 Nc6 5. Be3 e5 6. d5 Nce7 7. Bd3 f5 8. f3 Nf6
9. Nge2 O-O 10. Qd2 a6 11. g3 Bd7 12. h4 b5 13. c5 b4 14. Nd1 fxe4 15. Bxe4
Nxe4 16. fxe4 a5 17. Nf2 Rf3 18. c6 Bc8 19. O-O-O Qf8 20. Rh2 Ba6 21. Rg1 Bxe2
22. Qxe2 Rxe3 23. Qg4 Rf3 24. Rgg2 h5 25. Qd7 Rc8 26. Kd1 Qe8 27. Ke2 Qf7 28.
Nh3 Bh6 29. g4 Re3+ 0-1

[Event "Copenhagen Ch"]
[Site "Copenhagen"]
[Date "2004.10.13"]
[Round "5"]
[White "Korolev, Nikolaj"]
[Black "Jensen, Soren"]
[Result "1-0"]
[WhiteElo "2107"]
[BlackElo "2047"]
[PlyCount "69"]
[EventDate "2004.??.??"]
[EventType "swiss"]
[EventRounds "9"]
[EventCountry "DEN"]

1. e4 c6 2. d4 d5 3. Nc3 dxe4 4. Nxe4 Nf6 5. Nxf6+ gxf6 6. c3 Qd5 7. Be3 Bf5 8.
Nf3 e6 9. g3 Nd7 10. Bg2 Be4 11. O-O O-O-O 12. c4 Qh5 13. Ne5 Qxd1 14. Rfxd1
Nxe5 15. dxe5 Rxd1+ 16. Rxd1 Bxg2 17. Kxg2 fxe5 18. Bxa7 Kc7 19. c5 Be7 20.
Bb6+ Kc8 21. Kf3 Rg8 22. h3 h5 23. a4 f5 24. b4 Bg5 25. b5 cxb5 26. axb5 Be7
27. Ra1 Kb8 28. Re1 Bf6 29. Rd1 Kc8 30. Rd6 Re8 31. h4 Bg7 32. c6 bxc6 33. bxc6
Bf6 34. Rd7 Bd8 35. Ra7 1-0

[Event "Copenhagen Ch"]
[Site "Copenhagen"]
[Date "2004.10.16"]
[Round "8"]
[White "Korolev, Nikolaj"]
[Black "Paaske, Asger"]
[Result "1/2-1/2"]
[WhiteElo "2107"]
[BlackElo "2132"]
[PlyCount "102"]
[EventDate "2004.??.??"]
[EventType "swiss"]
[EventRounds "9"]
[EventCountry "DEN"]

1. e4 c5 2. Nf3 Nc6 3. d4 cxd4 4. Nxd4 Nf6 5. Nc3 e5 6. Ndb5 d6 7. Bg5 a6 8.
Na3 b5 9. Bxf6 gxf6 10. Nd5 f5 11. Bd3 Be6 12. O-O Bxd5 13. exd5 Ne7 14. c3 Bg7
15. Qh5 e4 16. Bc2 Qa5 17. Qh3 Rc8 18. Bb3 Bxc3 19. Rac1 Bxb2 20. Rxc8+ Nxc8
21. Nc2 Ne7 22. Ne3 Qc3 23. Qh5 Qf6 24. Kh1 Qg6 25. Qe2 Be5 26. a4 O-O 27. axb5
axb5 28. Qxb5 Qh5 29. g3 f4 30. Bd1 Qh3 31. Bg4 Qh6 32. Nf5 Nxf5 33. Bxf5 fxg3
34. fxg3 e3 35. Qc4 Rb8 36. Qg4+ Kh8 37. Be4 Rg8 38. Qe2 f6 39. Kg2 Rb8 40. Rc1
Qg5 41. Rc7 f5 42. Bc2 h5 43. Qc4 Rb2 44. Qa4 Bg7 45. Qe8+ Kh7 46. h4 Qg6 47.
Qxe3 f4 48. Qc3 Kh6 49. Kf1 Bxc3 50. Bxg6 Kxg6 51. Rxc3 fxg3 1/2-1/2

[Event "Copenhagen Ch"]
[Site "Copenhagen"]
[Date "2004.10.17"]
[Round "9"]
[White "Korolev, Nikolaj"]
[Black "Schmidt, Horst Hubert"]
[Result "0-1"]
[WhiteElo "2107"]
[BlackElo "1910"]
[PlyCount "64"]
[EventDate "2004.??.??"]
[EventType "swiss"]
[EventRounds "9"]
[EventCountry "DEN"]

1. e4 e6 2. d4 d5 3. Nc3 dxe4 4. Nxe4 Bd7 5. Nf3 Bc6 6. Bd3 Nd7 7. O-O Ngf6 8.
Ned2 Be7 9. Re1 O-O 10. Nc4 Nb6 11. Nce5 Bxf3 12. Qxf3 Qxd4 13. Qxb7 Bd6 14. c3
Qh4 15. g3 Qh5 16. Nc4 Nbd5 17. Nxd6 cxd6 18. Kg2 Ng4 19. h3 Ne5 20. Be4 Nf6
21. Qxa8 Rxa8 22. Bxa8 d5 23. Re3 Nc4 24. Re1 Qf5 25. b3 Ne5 26. Re3 Nd3 27. f4
g5 28. Bd2 gxf4 29. gxf4 Nxf4+ 30. Kh1 Nxh3 31. Rg3+ Kf8 32. Kh2 Nf4 0-1

[Event "Copenhagen Ch"]
[Site "Copenhagen"]
[Date "2004.10.10"]
[Round "2"]
[White "Korolev, Nikolaj"]
[Black "Lund, Silas"]
[Result "0-1"]
[WhiteElo "2107"]
[BlackElo "2307"]
[PlyCount "82"]
[EventDate "2004.??.??"]
[EventType "swiss"]
[EventRounds "9"]
[EventCountry "DEN"]

1. e4 e5 2. Nf3 Nc6 3. Bb5 Nf6 4. O-O Nxe4 5. d4 Nd6 6. Bxc6 dxc6 7. dxe5 Nf5
8. Qxd8+ Kxd8 9. Nc3 Bd7 10. b3 b6 11. Bb2 Kc8 12. Rad1 Be7 13. Ne4 c5 14. h3
Bc6 15. Neg5 Nh4 16. Nxh4 Bxg5 17. Nf5 Be4 18. f4 Bxf5 19. fxg5 Be6 20. c4 Kb7
21. Kf2 Kc6 22. Ke3 a6 23. Rf2 Rhd8 24. Rxd8 Rxd8 25. Rd2 Ra8 26. Rc2 g6 27. g4
Rh8 28. Rc3 Rd8 29. Rd3 Ra8 30. Rd2 b5 31. cxb5+ axb5 32. Bc1 b4 33. Ke4 Kb5
34. Ke3 c4 35. bxc4+ Bxc4 36. Rd7 c5 37. a3 bxa3 38. Rb7+ Kc6 39. Rb1 a2 40.
Ra1 Rb8 41. Bd2 Rb3+ 0-1

[Event "Copenhagen Ch"]
[Site "Copenhagen"]
[Date "2004.10.11"]
[Round "3"]
[White "Korolev, Nikolaj"]
[Black "Petersen, Steen"]
[Result "1-0"]
[WhiteElo "2107"]
[BlackElo "2198"]
[PlyCount "89"]
[EventDate "2004.??.??"]
[EventType "swiss"]
[EventRounds "9"]
[EventCountry "DEN"]

1. e4 e5 2. Nf3 Nc6 3. Bb5 a6 4. Ba4 Nf6 5. O-O Be7 6. Re1 b5 7. Bb3 O-O 8. a4
Bb7 9. d3 d6 10. Nbd2 Na5 11. Ba2 c5 12. Nf1 Nd7 13. Ne3 Nb6 14. Bd2 Nc6 15. a5
Nd7 16. Rf1 Nf6 17. h3 g6 18. Nh2 Nd4 19. Nhg4 Nxg4 20. Nxg4 Bg5 21. Ne3 Kg7
22. Nd5 Rc8 23. f4 exf4 24. Nxf4 Rc7 25. c3 Nc6 26. Qc1 h6 27. h4 Bxf4 28. Bxf4
Rh8 29. Qe3 Rd7 30. Bxd6 Qxh4 31. Bxc5 Qg5 32. Qf2 f6 33. Be3 Qe5 34. d4 Qe7
35. Bd5 Nd8 36. Bxb7 Nxb7 37. Rae1 Rf8 38. Qh4 g5 39. Qh3 Rdd8 40. d5 Qd7 41.
Qf3 Nd6 42. Bd4 Ne8 43. e5 Qxd5 44. exf6+ Nxf6 45. Bxf6+ 1-0

[Event "Copenhagen Ch"]
[Site "Copenhagen"]
[Date "2004.10.11"]
[Round "3"]
[White "Haagen Larsen, Hans"]
[Black "Sandbech, Ted"]
[Result "1/2-1/2"]
[WhiteElo "1885"]
[BlackElo "1815"]
[PlyCount "121"]
[EventDate "2004.??.??"]
[EventType "swiss"]
[EventRounds "9"]
[EventCountry "DEN"]

1. e4 d5 2. exd5 Qxd5 3. Nc3 Qa5 4. Nf3 Bg4 5. Be2 e6 6. O-O c6 7. h3 Bh5 8.
Nd4 Bxe2 9. Qxe2 Qc7 10. Ne4 Nd7 11. d3 Ngf6 12. Be3 Nxe4 13. dxe4 Be7 14. c3
O-O 15. Rad1 Rad8 16. f4 a6 17. f5 e5 18. Nf3 Nf6 19. Nd2 Qa5 20. Nc4 Qb5 21.
Bg5 h6 22. Bxf6 Bxf6 23. b3 Rxd1 24. Rxd1 Rd8 25. Rxd8+ Bxd8 26. Qd2 Qc5+ 27.
Kh2 Bg5 28. Qd1 b5 29. Nb2 Qa3 30. Qb1 Qc5 31. Qc2 Qe3 32. g3 Qf3 33. c4 bxc4
34. Nxc4 Bf6 35. Na5 c5 36. Nc4 h5 37. h4 Qg4 38. Nd6 Be7 39. Nc8 Bf6 40. Qd3
a5 41. Nd6 Be7 42. Nc4 Bf6 43. Nxa5 Bxh4 44. gxh4 Qxh4+ 45. Kg2 Qg4+ 46. Kf2
Qf4+ 47. Ke2 Qh2+ 48. Ke1 h4 49. a4 h3 50. Qd8+ Kh7 51. Qh4+ Kg8 52. Qg4 Qh1+
53. Kf2 h2 54. Qg2 Qd1 55. Qxh2 Qd2+ 56. Kg1 Qxa5 57. Qxe5 Qe1+ 58. Kg2 Qe2+
59. Kg3 Qe3+ 60. Kh4 Qe1+ 61. Kg4 1/2-1/2

[Event "Copenhagen Ch"]
[Site "Copenhagen"]
[Date "2004.10.13"]
[Round "5"]
[White "Haagen Larsen, Hans"]
[Black "Madhy, Nezar"]
[Result "1-0"]
[WhiteElo "1885"]
[BlackElo "1640"]
[PlyCount "107"]
[EventDate "2004.??.??"]
[EventType "swiss"]
[EventRounds "9"]
[EventCountry "DEN"]

1. d4 e6 2. Nf3 c5 3. c3 d5 4. Bf4 Qb6 5. Qb3 Nd7 6. e3 Ngf6 7. h3 a6 8. Be2
Qc6 9. Nbd2 Bd6 10. Ne5 Bxe5 11. dxe5 Ng8 12. O-O Ne7 13. Bh2 O-O 14. f4 b5 15.
Bf3 Bb7 16. Rae1 Nf5 17. c4 Nh4 18. cxb5 Nxf3+ 19. Rxf3 axb5 20. a3 c4 21. Qc2
Qb6 22. Kh1 d4 23. e4 d3 24. Qd1 Rfd8 25. Rg3 Rac8 26. Qg4 g6 27. h4 Qf2 28.
Rd1 c3 29. bxc3 Rxc3 30. Bg1 Qe2 31. Nb1 Rb3 32. h5 Bxe4 33. Nd2 Qxg4 34. Rxg4
Bf5 35. Rg3 Rxa3 36. hxg6 hxg6 37. Rb1 Kg7 38. Be3 Rb8 39. Kg1 b4 40. Rg5 Rb5
41. g4 f6 42. exf6+ Nxf6 43. gxf5 exf5 44. Rb2 Ng4 45. Bd4+ Kf7 46. Nc4 Ra6 47.
Rd2 Rc6 48. Nb2 Rc1+ 49. Nd1 b3 50. Bb2 Ne3 51. Bxc1 Nxd1 52. Rxd1 b2 53. Bxb2
Rxb2 54. Rxd3 1-0

[Event "Copenhagen Ch"]
[Site "Copenhagen"]
[Date "2004.10.14"]
[Round "6"]
[White "Haagen Larsen, Hans"]
[Black "Andersen, Niels Erik"]
[Result "0-1"]
[WhiteElo "1885"]
[BlackElo "1994"]
[PlyCount "66"]
[EventDate "2004.??.??"]
[EventType "swiss"]
[EventRounds "9"]
[EventCountry "DEN"]

1. e4 c5 2. Nf3 d6 3. d4 cxd4 4. Nxd4 Nf6 5. Nc3 a6 6. Bg5 e6 7. f4 Be7 8. Qd2
h6 9. Bxf6 Bxf6 10. O-O-O O-O 11. g4 e5 12. Nf5 Bxf5 13. gxf5 exf4 14. Nd5 Be5
15. h4 Nc6 16. Rh3 Rc8 17. Kb1 Nd4 18. c3 Nc6 19. Nxf4 b5 20. Nd5 Na5 21. Be2
Nc4 22. Bxc4 Rxc4 23. Rg1 Rxe4 24. Qxh6 Re1+ 25. Rxe1 gxh6 26. h5 Kh8 27. Rf1
Qg5 28. f6 Qg4 29. Rff3 Qe4+ 30. Rd3 Rg8 31. Rhe3 Rg1+ 32. Kc2 Qa4+ 33. Kd2
Qd1# 0-1

[Event "Copenhagen Ch"]
[Site "Copenhagen"]
[Date "2004.10.17"]
[Round "9"]
[White "Haagen Larsen, Hans"]
[Black "Petersen, Steen"]
[Result "0-1"]
[WhiteElo "1885"]
[BlackElo "2198"]
[PlyCount "80"]
[EventDate "2004.??.??"]
[EventType "swiss"]
[EventRounds "9"]
[EventCountry "DEN"]

1. e4 c5 2. Nf3 d6 3. d4 cxd4 4. Nxd4 Nf6 5. Nc3 g6 6. f3 Bg7 7. Be3 Nc6 8. Qd2
O-O 9. Bc4 Bd7 10. Bb3 Qa5 11. g4 Rfc8 12. O-O-O Ne5 13. h4 Nc4 14. Bxc4 Rxc4
15. Kb1 Rac8 16. Nce2 Qxd2 17. Rxd2 h5 18. g5 Ne8 19. Ng3 a6 20. Re1 Nc7 21. f4
Bg4 22. f5 Be5 23. Nge2 b5 24. fxg6 fxg6 25. a3 Rf8 26. Nc3 Ne6 27. Nxe6 Bxe6
28. Nd5 Bxd5 29. exd5 Rxh4 30. Rg2 Re4 31. c3 Rf5 32. Kc2 Bf4 33. Kd3 Rxe3+ 34.
Rxe3 Bxe3 35. Kxe3 Rxd5 36. b3 Kf7 37. Ke4 Re5+ 38. Kd4 Ke6 39. c4 Kf5 40. cxb5
axb5 0-1

[Event "Copenhagen Ch"]
[Site "Copenhagen"]
[Date "2004.10.09"]
[Round "1"]
[White "Haagen Larsen, Hans"]
[Black "Korolev, Nikolaj"]
[Result "0-1"]
[WhiteElo "1885"]
[BlackElo "2107"]
[PlyCount "46"]
[EventDate "2004.??.??"]
[EventType "swiss"]
[EventRounds "9"]
[EventCountry "DEN"]

1. e4 c5 2. Nf3 Nc6 3. d4 cxd4 4. Nxd4 Nf6 5. Nc3 e5 6. Ndb5 d6 7. Bg5 a6 8.
Na3 b5 9. Nd5 Be7 10. Bxf6 Bxf6 11. f4 exf4 12. Nxf6+ Qxf6 13. Bxb5 axb5 14.
Nxb5 O-O 15. O-O Ba6 16. Nc7 Bxf1 17. Nxa8 Bxg2 18. Kxg2 Rxa8 19. c3 Qg6+ 20.
Kf2 Qxe4 21. Qxd6 Rd8 22. Qxd8+ Nxd8 23. Re1 Qc6 0-1

[Event "Copenhagen Ch"]
[Site "Copenhagen"]
[Date "2004.10.13"]
[Round "5"]
[White "Lund, Silas"]
[Black "Pedersen, Steen"]
[Result "1-0"]
[WhiteElo "2307"]
[BlackElo "1958"]
[PlyCount "63"]
[EventDate "2004.??.??"]
[EventType "swiss"]
[EventRounds "9"]
[EventCountry "DEN"]

1. d4 d5 2. c4 c6 3. Nf3 Nf6 4. Nc3 dxc4 5. a4 Bf5 6. e3 e6 7. Bxc4 Bb4 8. O-O
Nbd7 9. Qe2 Bg4 10. h3 Bh5 11. Rd1 O-O 12. e4 Qe7 13. e5 Nd5 14. Nxd5 cxd5 15.
Bd3 Rfc8 16. g4 Bg6 17. Bxg6 fxg6 18. Rd3 Rc4 19. Bg5 Qf8 20. Rb3 Rac8 21. Kg2
a6 22. Qd3 Nb6 23. Kg3 Nd7 24. h4 Nb8 25. h5 Nc6 26. hxg6 Na5 27. gxh7+ Kh8 28.
Nh4 Qf7 29. Rxb4 Rxb4 30. Ng6+ Kxh7 31. Rh1+ Kg8 32. Rh8# 1-0

[Event "Copenhagen Ch"]
[Site "Copenhagen"]
[Date "2004.10.15"]
[Round "7"]
[White "Lund, Silas"]
[Black "Hansen, Alexei"]
[Result "1-0"]
[WhiteElo "2307"]
[BlackElo "2047"]
[PlyCount "63"]
[EventDate "2004.??.??"]
[EventType "swiss"]
[EventRounds "9"]
[EventCountry "DEN"]

1. d4 Nf6 2. c4 c5 3. d5 e5 4. Nc3 d6 5. e4 Be7 6. Bd3 a6 7. Qc2 O-O 8. h3 Ne8
9. Nf3 Nc7 10. a3 Nd7 11. Bd2 Rb8 12. Rb1 b5 13. cxb5 Nb6 14. b3 f5 15. bxa6 c4
16. bxc4 Nxa6 17. exf5 Nc5 18. O-O Ba6 19. Nb5 Nxd3 20. Qxd3 Qd7 21. Rfc1 Rfe8
22. Qe4 Nxc4 23. Rxc4 Rxb5 24. Rcb4 Rc5 25. Bg5 Bc8 26. Bxe7 Qxe7 27. g4 Qf7
28. Rb5 Qa7 29. Rxc5 Qxc5 30. a4 Ba6 31. Ng5 h6 32. f6 1-0